Statystyki dla Pierwowzory pokemonów 2

Kliknij tutaj aby rozwiązać quiz!

Ogólne statystyki

  • Ten quiz został rozwiązany 17 razy
  • Średni wynik to 39 z 216

Statystyki odpowiedzi

HintOdpowiedź% Poprawnych
Meowth | Purrloin | Purugly | SkittyKot
69%
Lopunny | NidoranKrólik
69%
Marill | PichuMysz
63%
PsyduckDziobak
44%
RapidashKoń
44%
LunatoneKsiężyc
44%
Luxray | PyroarLew
44%
Skuntank | StunkySkunks
44%
NoctowlSowa
44%
Raticate | RattataSzczur
44%
Onix | SteelixWąż
44%
PidoveGołąb
38%
ShroomishGrzyb
38%
Galarian RapidashJednorożec
38%
NoibatNietoperz
38%
MareepOwca
38%
PanchamPanda
38%
PiplupPingwin
38%
Starmie | StaryuRozgwiazda
38%
SalamenceSmok
38%
LitwickŚwieca
38%
RockruffWilk
38%
SudowoodooDrzewo
31%
MiltankKrowa
31%
LarvitarLarwa
31%
LotadLilia wodna
31%
Mankey | Monferno | Pansear | +2 othersMałpa
31%
WingullMewa
31%
Mime Jr. | Mr. MimeMim
31%
Metagross | SpinarakPająk
31%
Drapion | SkorupiSkorpion
31%
PhanpySłoń
31%
MurkrowWrona
31%
Shuckle | SquirtleŻółw
31%
Marowak | Nidoqueen | Rampardos | ShieldonDinozaur
25%
Gourgeist | PumpkabooDynia
25%
Piloswine | SwinubDzik
25%
Seel | SphealFoka
25%
SawsbuckJeleń
25%
MagikarpKarp
25%
Poliwag | Poliwhirl | PoliwrathKijanka
25%
Shelgon | SilcoonKokon
25%
Horsea | Kingdra | Seandra | SkrelpKonik morski
25%
Galarian Ponyta | PonytaKucyk
25%
Magnemite | Magneton | MagnezoneMagnes
25%
Leavanny | Scizor | ScytherModliszka
25%
Pidgeot | PidgeottoOrzeł
25%
Roselia | RoseradeRóża
25%
Sunflora | SunkernSłonecznik
25%
PinecoSzyszka
25%
NumelWielbłąd
25%
SnubbullBuldog
19%
PikipekDzięcioł
19%
SwellowJaskółka
19%
SlakothLeniwiec
19%
MamoswineMamut
19%
Rhydon | Rhyhorn | RhyperiorNosorożec
19%
OranguruOrangutan
19%
PelipperPelikan
19%
MinccinoSzynszyla
19%
PidgeyWróbel
19%
OshawottWydra
19%
Nuzleaf | SeedotŻołądź
19%
Altaria | SwabluChmura
13%
Nincada | Ninjask | ShedinjaCykada
13%
Mightyena | PoochyenaHiena
13%
SwannaŁabędź
13%
Mantine | MantykeManta
13%
SurskitNartnik
13%
PersianPers
13%
Metapod | PupitarPoczwarka
13%
LuxioRyś
13%
SolrockSłońce
13%
PrimarinaSyrena
13%
Pikachu | SkwovetWiewiórka
13%
Omanyte | OmastarAmonit
6%
MinunAnion
6%
LucarioAnubis
6%
RuffletBielik amerykański
6%
PetililCebula
6%
Mr. RimeCharlie Chaplin
6%
SnoverChoinka
6%
StunfiskFlądra
6%
SewaddleGąsienica
6%
TyranitarGodzilla
6%
Mienfoo | MienshaoGronostaj
6%
ShelmetHełm
6%
ChandelureKandelabr
6%
LombreKappa
6%
PlusleKation
6%
SableyeKosmita
6%
Sneasel | WeavileŁasica
6%
PopplioLew morski
6%
NinetalesLis dziewięcioogoniasty
6%
ShinxLwiątko
6%
ShellderMałża
6%
OddishMandragora
6%
ShuppetMarionetka
6%
MedititeMedytacja
6%
MunchlaxMini Totoro
6%
SkiploomMlecz
6%
Nosepass | ProbopassMoai
6%
LurantisOrchidea
6%
DucklettPisklę łabędzia
6%
Porygon | Porygon-Z | Porygon2Polygon
6%
SharpedoRekin
6%
StantlerRenifer
6%
Palpitoad | PolitoedRopucha
6%
SpearowSokół
6%
MakuhitaSumo
6%
RaichuSurfing
6%
SentretSzop
6%
SnorlaxTotoro
6%
SwirlixWata cukrowa
6%
Machamp | MachokeWrestler
6%
MedichamYoga
6%
StoutlandYork
6%
SeakingZłota rybka
6%
LycanrocAkita
0%
NidokingBaragon
0%
SlurpuffBeza
0%
Oricorio Pom-pomCheerleading
0%
RaltsDziecko
0%
Oricorio BaileFlamenco
0%
OricorioHawajski pełzacz miodowy
0%
Oricorio Pa'uHula
0%
PinsirJelonek rogacz
0%
NidorinoJeżozwierz
0%
Oricorio SensuKabuki
0%
NatuKakapo
0%
MasquerainKomar
0%
SkarmoryKondor
0%
ParasectKordyceps chiński
0%
Sandshrew | SandslashŁuskowiec
0%
SpritzeeMaska doktora plagi
0%
MeloettaMuza
0%
QwilfishNajeżka
0%
LuvdiscPaletka dyskowiec
0%
Bewear | StuffulPanda mała
0%
RowletPłomykówka
0%
Marshtomp | Mudkip | SwampertPodkoczek mułowy
0%
SwoobatPodlistnik białawy
0%
SlugmaPomrów
0%
QuilavaRatel
0%
SlowbroRogaty turban
0%
QuagsireSalamandra
0%
Servine | SnivyScynka
0%
Staraptor | Staravia | StarlySzpak
0%
MusharnaTapir
0%
ShiftryTengu
0%
MetangUFO
0%
SlowpokeWydra wielka
0%
NoivernWywerna
0%

Rozkład punktacji

Percentyl według liczby udzielonych odpowiedzi

Procent ludzi z każdym wynikiem

Twoja historia wyników

Nie rozwiązałeś tego quizu